| 000 | 01345cam a2200337 a 4500 | ||
|---|---|---|---|
| 999 |
_c330882 _d330882 |
||
| 001 | 16973578 | ||
| 003 | NUST | ||
| 005 | 20180117090027.0 | ||
| 008 | 110923s2012 caua b 001 0 eng | ||
| 010 | _a 2011039703 | ||
| 016 | 7 |
_a015826238 _2Uk |
|
| 020 | _a9781412990936 (pbk. : alk. paper) | ||
| 020 | _a1412990939 (pbk. : alk. paper) | ||
| 035 | _a(OCoLC)ocn754518609 | ||
| 040 |
_aDLC _cDLC _dYDX _dYDXCP _dBWX _dCDX _dUKMGB _dDLC |
||
| 042 | _apcc | ||
| 050 | 0 | 0 |
_aHF5549.5.M63 _bL385 2012 |
| 082 | 0 | 0 |
_a658.3/14 LAT _223 |
| 100 | 1 |
_aLatham, Gary P. _94007 |
|
| 245 | 1 | 0 |
_aWork motivation : _bhistory, theory, research, and practice / _cGary P. Latham. |
| 250 | _a2nd ed. | ||
| 260 |
_aThousand Oaks, Calif. : _bSAGE, _cc2012. |
||
| 300 |
_axxix, 424 p. : _bill. ; _c23 cm. |
||
| 500 | _aRev. ed. of: Work motivation : history, theory, research, and practice. c2007. | ||
| 504 | _aIncludes bibliographical references and index. | ||
| 650 | 0 |
_aEmployee motivation. _94008 |
|
| 906 |
_a7 _bcbc _corignew _d1 _eecip _f20 _gy-gencatlg |
||
| 942 |
_2ddc _cBK |
||